Sports Quiz

Random Sports or NFL Quiz

Any NFL Team Besides the Cowboys Quiz Stats

 Plays Quiz Updated Jul 23, 2018

Challenge
Share
Tweet
Embed
Score 0/14 Timer 02:00
0 Plays Today
Hint Answer % Correct
Has won 5 or more Super BowlsNew England Patriots
95.5%
Has won 5 or more Super BowlsPittsburgh Steelers
91.7%
Is in NFC EastNew York Giants
91.3%
Is in NFC EastPhiladelphia Eagles
88.3%
Is in NFC EastWashington Redskins
84.8%
Team Name starts with 'C'Kansas City Chiefs
81.6%
In a state that borders ArkansasKansas City Chiefs
80.8%
Hint Answer % Correct
Team Name starts with 'C'Los Angeles Chargers
80.1%
Has won 5 or more Super BowlsSan Francisco 49ers
79.7%
In a state that borders ArkansasNew Orleans Saints
77%
In a state that borders ArkansasHouston Texans
76.4%
Team Name starts with 'C'Arizona Cardinals
74.8%
In a state that borders ArkansasTennessee Titans
72.8%
Team Name starts with 'C'Indianapolis Colts
69.8%

You're not logged in!

Compare scores with friends on all Sporcle quizzes.
OR
Log In

You Might Also Like...

Show Comments

Extras

Top Quizzes Today


Score Distribution

Your Account Isn't Verified!

In order to create a playlist on Sporcle, you need to verify the email address you used during registration. Go to your Sporcle Settings to finish the process.

Report this User

Report this user for behavior that violates our Community Guidelines.

Details: